| 000 | 00585nam a2200229Ia 4500 | ||
|---|---|---|---|
| 003 | OSt | ||
| 005 | 20220928124037.0 | ||
| 006 | a|||||r|||| 00| 0 | ||
| 007 | ta | ||
| 008 | 220927b |||||||| |||| 00| 0 eng d | ||
| 024 | _a46651 | ||
| 037 | _cTextual | ||
| 040 |
_aSDCL _cSDCL _beng |
||
| 041 |
_2eng _aeng |
||
| 082 | _aV3'M1<L1, L4 | ||
| 100 |
_aOwen John B _9463187 |
||
| 245 | 0 | _aEighteenth century,1714-1815 | |
| 260 |
_aLondon _bNelson _c1974 |
||
| 300 |
_axv,365p _ccm. |
||
| 942 |
_hV3'M1<L1, L4 _cTEXL _2CC |
||
| 999 |
_c776124 _d776124 |
||